| 000 | 00751 a2200181 4500 | ||
|---|---|---|---|
| 003 | Nust | ||
| 005 | 20221024094929.0 | ||
| 040 | _cNust | ||
| 082 | _a621.3,DEN | ||
| 100 |
_aDe, Nisit K. _9101176 |
||
| 245 |
_aElectric drives / _cNisit K. De & Prasanta K. Sen |
||
| 260 |
_aPrentice Hall _bNew Delhi _c1999 |
||
| 300 | _a314 p. | ||
| 505 | _aIntroduction (Page-1), Speed-torque Characteristics of Motors (Page-8), Speed control of Dc Motors (Page-60), Speed Control of Ac Motors (Page-119), Heating and Power Rating of Drive Motors (Page-166), Transients and Dynamics (Page-198), Motor Starters and Controllers (Page-250), Industrial Applications (Page-267). | ||
| 600 |
_aN K De _9101177 |
||
| 650 |
_aElectric drives _956254 |
||
| 942 |
_2ddc _cBK |
||
| 999 |
_c180273 _d180273 |
||